[Event "Kavala GRE, 20th Open"]
[Site "Kavala GRE"]
[Date "2011.08.04"]
[Round "7"]
[White "Svetushkin, D."]
[Black "Mastrovasilis, D."]
[Result "0-1"]
[WhiteElo "2576"]
[BlackElo "2604"]
[PlyCount "70"]
[EventDate "2011.07.30"]
[EventRounds "9"]
[EventCountry "GRE"]

1. e4 e5 2. Nf3 Nc6 3. Bb5 Nf6 4. d3 Bc5 5. c3 O-O 6. O-O Re8 7. Nbd2 a6 8.
Bxc6 dxc6 9. Nc4 Bg4 10. Bg5 b5 11. Na5 Re6 12. h3 Bxf3 13. Qxf3 Bb6 14. Nb3 h6
15. Bh4 Qf8 16. Rfd1 Rae8 17. a4 Nd7 18. Bg3 Nc5 19. Nxc5 Qxc5 20. Qe2 Qe7 21.
Kh2 Qg5 22. Qg4 Qd8 23. d4 exd4 24. e5 c5 25. f4 Qd5 26. axb5 axb5 27. Qe2 c4
28. cxd4 Bxd4 29. Rd2 c5 30. Bf2 f6 31. Bh4 Rf8 32. Ra7 f5 33. Qh5 Qe4 34. g3
Bg1+ 35. Kxg1 Qe1+ 0-1

[Event "Kavala GRE, 20th Open"]
[Site "Kavala GRE"]
[Date "2011.08.04"]
[Round "7"]
[White "Zarkua, D."]
[Black "Nikolov, Momchil"]
[Result "1/2-1/2"]
[WhiteElo "2433"]
[BlackElo "2589"]
[PlyCount "21"]
[EventDate "2011.07.30"]
[EventRounds "9"]
[EventCountry "GRE"]

1. Nf3 Nf6 2. c4 b6 3. g3 Bb7 4. Bg2 e6 5. Nc3 Be7 6. O-O O-O 7. d4 Ne4 8. Nxe4
Bxe4 9. Ne1 Bxg2 10. Nxg2 d5 11. Qa4 1/2-1/2

[Event "Kavala GRE, 20th Open"]
[Site "Kavala GRE"]
[Date "2011.08.04"]
[Round "7"]
[White "Zubarev, A."]
[Black "Kosic, D."]
[Result "1/2-1/2"]
[WhiteElo "2597"]
[BlackElo "2483"]
[PlyCount "81"]
[EventDate "2011.07.30"]
[EventRounds "9"]
[EventCountry "GRE"]

1. Nf3 Nf6 2. d4 e6 3. c4 Bb4+ 4. Nbd2 b6 5. a3 Bxd2+ 6. Qxd2 Bb7 7. e3 d6 8.
Be2 Nbd7 9. O-O a5 10. b3 O-O 11. Bb2 c5 12. Rfd1 d5 13. Ne5 Ne4 14. Qc2 Nxe5
15. dxe5 Qh4 16. f3 Ng5 17. Bc3 Qh6 18. Kh1 Rfd8 19. Rd2 Bc6 20. Qd1 Qh4 21.
Qf1 Rd7 22. Rad1 Rad8 23. Kg1 h6 24. Rb2 Nh7 25. f4 Nf8 26. Bf3 Qe7 27. Rbd2
Ng6 28. g3 Qe8 29. Qg2 Ne7 30. g4 a4 31. b4 dxc4 32. Bxc6 Rxd2 33. Rxd2 Nxc6
34. Rxd8 Qxd8 35. Qxc6 Qd1+ 36. Kf2 Qc2+ 37. Kf3 Qxc3 38. bxc5 bxc5 39. Qe8+
Kh7 40. Qxf7 Qd3 41. Qxe6 1/2-1/2

[Event "Kavala GRE, 20th Open"]
[Site "Kavala GRE"]
[Date "2011.08.05"]
[Round "8"]
[White "Ashwin, J."]
[Black "Atalik, S."]
[Result "1/2-1/2"]
[WhiteElo "2449"]
[BlackElo "2619"]
[PlyCount "114"]
[EventDate "2011.07.30"]
[EventRounds "9"]
[EventCountry "GRE"]

1. d4 Nf6 2. c4 e6 3. g3 c5 4. d5 exd5 5. cxd5 d6 6. Nc3 g6 7. Nf3 Bg7 8. Bg2
O-O 9. O-O Re8 10. Nd2 Nbd7 11. h3 Nh5 12. Nde4 Ndf6 13. g4 Nxe4 14. Nxe4 f5
15. Nxd6 Qxd6 16. gxh5 f4 17. e4 fxe3 18. Bxe3 Bxb2 19. Rb1 Be5 20. hxg6 hxg6
21. Re1 b6 22. Bf4 Bf5 23. Rxe5 Rxe5 24. Rb3 Rae8 25. Bxe5 Rxe5 26. Qd2 c4 27.
Re3 Rxe3 28. fxe3 Bd3 29. Qc3 b5 30. a3 Qc5 31. Qf6 Bf5 32. d6 Qxe3+ 33. Kh2
Qe6 34. Qxe6+ Bxe6 35. Bd5 Kf7 36. d7 Ke7 37. Bxe6 a5 38. a4 bxa4 39. Bxc4 Kxd7
40. Bb5+ Ke7 41. Bxa4 g5 42. Kg3 Kf6 43. Kg4 Kg6 44. Be8+ Kg7 45. Kh5 a4 46.
Bxa4 Kh7 47. Bc2+ Kg7 48. Bd3 Kh8 49. Kh6 Kg8 50. Bc4+ Kh8 51. Bd3 Kg8 52. Kg6
Kh8 53. Kf6 Kg8 54. Ke7 Kg7 55. Bc4 Kh7 56. Kf7 Kh8 57. Bd3 g4 1/2-1/2

[Event "Kavala GRE, 20th Open"]
[Site "Kavala GRE"]
[Date "2011.08.05"]
[Round "8"]
[White "Atalik, E."]
[Black "Zubarev, A."]
[Result "1-0"]
[WhiteElo "2436"]
[BlackElo "2597"]
[PlyCount "81"]
[EventDate "2011.07.30"]
[EventRounds "9"]
[EventCountry "GRE"]

1. d4 e6 2. c4 Nf6 3. Nc3 c5 4. d5 exd5 5. cxd5 d6 6. Nf3 g6 7. Bf4 Bg7 8. h3
O-O 9. e3 Qe7 10. Be2 Nbd7 11. O-O Ne8 12. Re1 a6 13. a4 Rb8 14. Nd2 f5 15. Nc4
Ne5 16. Nb6 Nf6 17. Bh2 Nfd7 18. Nxc8 Rfxc8 19. e4 Qf6 20. f4 Nf7 21. exf5 gxf5
22. Qc2 c4 23. Kh1 Rc7 24. a5 Kh8 25. Bf1 Nh6 26. Re6 Qf8 27. Na4 Nf6 28. Bxc4
Ne4 29. Bg1 Ng8 30. Bb6 Rf7 31. Bd3 Ngf6 32. Bxe4 Nxe4 33. Rc1 Qg8 34. Be3 Bf6
35. g4 Bg7 36. Rg1 Qd8 37. gxf5 Qh4 38. Qg2 Nf6 39. Nc3 Qh5 40. Bd4 Qxf5 41.
Ne4 1-0

[Event "Kavala GRE, 20th Open"]
[Site "Kavala GRE"]
[Date "2011.08.05"]
[Round "8"]
[White "Burmakin, V."]
[Black "Maiorov, N."]
[Result "0-1"]
[WhiteElo "2579"]
[BlackElo "2535"]
[PlyCount "92"]
[EventDate "2011.07.30"]
[EventRounds "9"]
[EventCountry "GRE"]

1. d4 Nf6 2. Nf3 e6 3. c4 b6 4. g3 Bb7 5. Bg2 Be7 6. Nc3 O-O 7. Qc2 c5 8. d5
exd5 9. Ng5 Na6 10. Nxd5 Bxd5 11. cxd5 d6 12. Nh3 Nc7 13. e4 Nd7 14. O-O Nb5
15. f4 Bf6 16. Nf2 Bd4 17. Kh1 Re8 18. Bd2 Rc8 19. Rae1 c4 20. Qa4 c3 21. bxc3
Bxc3 22. Bxc3 Nxc3 23. Qa3 Rc4 24. Qb3 b5 25. Nd3 Nxe4 26. Qxb5 Rd4 27. Bxe4
Rdxe4 28. Rxe4 Rxe4 29. Rc1 Nb6 30. Nb4 h6 31. Nc6 Qd7 32. Qd3 Re8 33. Kg2 Na4
34. f5 Nc5 35. Qf1 Re3 36. Rb1 Kh7 37. f6 g6 38. Re1 Rxe1 39. Qxe1 Qf5 40. Nxa7
Qxd5+ 41. Kg1 Qxa2 42. Nc8 Nd3 43. Qe3 Qb1+ 44. Kg2 Qc2+ 45. Kf1 Qxc8 46. Qxd3
Qf5+ 0-1

[Event "Kavala GRE, 20th Open"]
[Site "Kavala GRE"]
[Date "2011.08.05"]
[Round "8"]
[White "Galopoulos, N."]
[Black "Nikolov, Momchil"]
[Result "0-1"]
[WhiteElo "2327"]
[BlackElo "2589"]
[PlyCount "116"]
[EventDate "2011.07.30"]
[EventRounds "9"]
[EventCountry "GRE"]

1. d4 Nf6 2. c4 e6 3. g3 c5 4. Nf3 cxd4 5. Nxd4 Qc7 6. Bg2 Qxc4 7. Nc3 a6 8.
Bf4 Nc6 9. Nb3 Qb4 10. Bc7 Qe7 11. O-O d6 12. Bb6 Nd7 13. Be3 Qd8 14. Bf4 e5
15. Be3 Nf6 16. Nd5 Nxd5 17. Bxd5 Bh3 18. Rc1 Rc8 19. Re1 Be7 20. Qd2 O-O 21.
Red1 Be6 22. Qe1 Bxd5 23. Rxd5 Qc7 24. Na5 Qd7 25. Nc4 Qe6 26. Nb6 Rcd8 27. b4
Bf6 28. Qd2 Ne7 29. Rc7 Nxd5 30. Qxd5 Qxd5 31. Nxd5 Rb8 32. Ba7 Rbc8 33. Rxb7
Rc2 34. a4 Rxe2 35. Rb6 a5 36. bxa5 Re4 37. Rxd6 Rxa4 38. Nxf6+ gxf6 39. Bb6 f5
40. Rf6 f4 41. Bc7 fxg3 42. hxg3 Re8 43. Rf5 h6 44. Rxe5 Rxe5 45. Bxe5 Rxa5 46.
Bf4 Kh7 47. Kg2 h5 48. Kh3 Ra4 49. Be3 Kg6 50. Bf4 Kf5 51. Kh4 Ra1 52. Kh3 h4
53. Bd6 hxg3 54. fxg3 Ra6 55. Bf4 Ra8 56. Kg2 Kg4 57. Kf2 f5 58. Be5 Ra2+ 0-1

[Event "Kavala GRE, 20th Open"]
[Site "Kavala GRE"]
[Date "2011.08.05"]
[Round "8"]
[White "Kanmazalp, O."]
[Black "Tchantcev, C."]
[Result "1/2-1/2"]
[WhiteElo "2412"]
[BlackElo "2283"]
[PlyCount "65"]
[EventDate "2011.07.30"]
[EventRounds "9"]
[EventCountry "GRE"]

1. e4 Nc6 2. Nf3 d5 3. exd5 Qxd5 4. Nc3 Qa5 5. Bb5 Bd7 6. a3 O-O-O 7. O-O Nf6
8. d4 Bg4 9. Bxc6 bxc6 10. h3 Bxf3 11. Qxf3 Rxd4 12. Qxc6 Qb6 13. Qa8+ Qb8 14.
Qf3 Qb7 15. Qe2 e6 16. Be3 Rd7 17. Rad1 Rxd1 18. Rxd1 Be7 19. Qc4 a6 20. b4 Rd8
21. Rb1 Nd5 22. Nxd5 Rxd5 23. Qb3 Rd7 24. c4 Qe4 25. Rc1 Rd3 26. Rc3 Rxc3 27.
Qxc3 Bf6 28. Qb3 Bd4 29. Bxd4 Qxd4 30. a4 h5 31. Qf3 Qxc4 32. Qxf7 h4 33. Qxg7
1/2-1/2

[Event "Kavala GRE, 20th Open"]
[Site "Kavala GRE"]
[Date "2011.08.05"]
[Round "8"]
[White "Ketzetzis, G."]
[Black "Halkias, S."]
[Result "0-1"]
[WhiteElo "2164"]
[BlackElo "2600"]
[PlyCount "96"]
[EventDate "2011.07.30"]
[EventRounds "9"]
[EventCountry "GRE"]

1. e4 e5 2. Nf3 Nc6 3. Bb5 a6 4. Bxc6 dxc6 5. O-O Bg4 6. h3 Bxf3 7. Qxf3 Qd7 8.
d3 f6 9. Nd2 g5 10. Nc4 h5 11. Ne3 O-O-O 12. Qf5 Bc5 13. g3 Nh6 14. Qxd7+ Rxd7
15. Kg2 Rf7 16. Bd2 Kd7 17. a4 Ke6 18. Nc4 b6 19. Bc3 Rg7 20. b3 Nf7 21. Bb2
Rd8 22. Rad1 Nh8 23. Ne3 Ng6 24. Nf5 Rgd7 25. c3 Rxd3 26. Nd4+ R3xd4 27. cxd4
Bxd4 28. f4 gxf4 29. gxf4 Nxf4+ 30. Rxf4 Rg8+ 31. Kf3 Bxb2 32. Rf5 h4 33. Ke2
Bd4 34. Rdf1 Rg6 35. R1f3 Rh6 36. Kd3 c5 37. Rf1 Rg6 38. R5f3 c6 39. Kc2 b5 40.
Kc1 Ke7 41. Kb1 a5 42. Kc1 bxa4 43. bxa4 c4 44. Kd1 c5 45. Kc2 Rg2+ 46. Kc1 c3
47. Kb1 Re2 48. Kc1 Be3+ 0-1

[Event "Kavala GRE, 20th Open"]
[Site "Kavala GRE"]
[Date "2011.08.05"]
[Round "8"]
[White "Kolev, A."]
[Black "Bartel, M."]
[Result "1/2-1/2"]
[WhiteElo "2590"]
[BlackElo "2611"]
[PlyCount "50"]
[EventDate "2011.07.30"]
[EventRounds "9"]
[EventCountry "GRE"]

1. d4 Nf6 2. Nf3 g6 3. c4 Bg7 4. Nc3 O-O 5. e4 c6 6. e5 Ne8 7. h3 d6 8. Bf4 Nd7
9. exd6 Nxd6 10. Be2 c5 11. d5 Nb6 12. Qb3 e5 13. Bxe5 Bxe5 14. Nxe5 Re8 15.
Nf3 Nbxc4 16. O-O Ne5 17. a4 Nxf3+ 18. Bxf3 Bd7 19. Rfe1 Qh4 20. a5 Rxe1+ 21.
Rxe1 Re8 22. Rxe8+ Bxe8 23. Qa3 Qc4 24. Ne2 Nf5 25. Ng3 Nxg3 1/2-1/2

[Event "Kavala GRE, 20th Open"]
[Site "Kavala GRE"]
[Date "2011.08.05"]
[Round "8"]
[White "Kosic, D."]
[Black "Gupta, A."]
[Result "1/2-1/2"]
[WhiteElo "2483"]
[BlackElo "2627"]
[PlyCount "131"]
[EventDate "2011.07.30"]
[EventRounds "9"]
[EventCountry "GRE"]

1. d4 Nf6 2. c4 g6 3. Nc3 d5 4. cxd5 Nxd5 5. e4 Nxc3 6. bxc3 Bg7 7. Be3 c5 8.
Rc1 Qa5 9. Qd2 O-O 10. Nf3 Rd8 11. d5 e6 12. Bg5 f6 13. Be3 Qa4 14. c4 Na6 15.
Be2 exd5 16. exd5 b6 17. Bd1 Qa3 18. Rc3 Qa5 19. O-O Nb4 20. a3 Nc6 21. Qc1 Ne7
22. Re1 Nf5 23. Bd2 Bd7 24. g4 Nd6 25. g5 Re8 26. Rce3 Qa6 27. Re7 Qxc4 28.
Qxc4 Nxc4 29. Bc3 Rxe7 30. Rxe7 Be8 31. gxf6 Bf8 32. Rc7 Nd6 33. Ng5 h6 34. Nh7
Bf7 35. Nxf8 Nb5 36. Ne6 Nxc3 37. Bf3 Re8 38. Rxa7 Bxe6 39. dxe6 Rxe6 40. Rg7+
Kf8 41. Rxg6 Ne4 42. Bxe4 Rxe4 43. Rxh6 Ra4 44. Rh3 b5 45. Rc3 c4 46. Kf1 Kf7
47. Rf3 b4 48. axb4 Rxb4 49. Rf4 Rb1+ 50. Ke2 Rb2+ 51. Kf3 Rb3+ 52. Kg4 c3 53.
Rc4 Kxf6 54. f4 Rb2 55. Rc6+ Kg7 56. h4 Rg2+ 57. Kf5 c2 58. Rc7+ Kh6 59. Ke6
Re2+ 60. Kf5 Rg2 61. Kf6 Kh5 62. f5 Kxh4 63. Kf7 Kg5 64. f6 Rf2 65. Rc5+ Rf5
66. Rxc2 1/2-1/2

[Event "Kavala GRE, 20th Open"]
[Site "Kavala GRE"]
[Date "2011.08.05"]
[Round "8"]
[White "Kourousis, E."]
[Black "Kohlweyer, B."]
[Result "1-0"]
[WhiteElo "2273"]
[BlackElo "2494"]
[PlyCount "131"]
[EventDate "2011.07.30"]
[EventRounds "9"]
[EventCountry "GRE"]

1. d4 e6 2. Nf3 c5 3. c4 cxd4 4. Nxd4 Nf6 5. Nc3 Bb4 6. g3 O-O 7. Bg2 d5 8.
cxd5 Nxd5 9. Bd2 Nxc3 10. bxc3 Be7 11. Qc2 a6 12. O-O Nd7 13. Rab1 Qc7 14. Bf4
e5 15. Nf5 Bc5 16. Bg5 Nb6 17. Ne7+ Bxe7 18. Bxe7 Re8 19. Bg5 Rb8 20. Qb3 Nc4
21. Bd5 Be6 22. Qxc4 Qxc4 23. Bxc4 Bxc4 24. Rb2 f6 25. Be3 Red8 26. Bb6 Rd7 27.
a4 Rc8 28. a5 Bb5 29. Rc1 Rc4 30. f3 Kf7 31. Kf2 Ke6 32. Rcc2 Rd1 33. Rb4 g5
34. Rxc4 Bxc4 35. g4 Bb3 36. Rb2 Bd5 37. Rc2 Bc6 38. c4 h5 39. gxh5 f5 40. h6
Rd7 41. Rd2 Kf6 42. Bd8+ Kg6 43. Rxd7 Bxd7 44. Bxg5 e4 45. f4 e3+ 46. Kxe3 Bc6
47. Kd4 Bg2 48. Ke5 Be4 49. Ke6 Kh7 50. c5 Bc2 51. Kf6 Be4 52. h4 Bb1 53. Ke6
Bc2 54. c6 bxc6 55. Kd6 Kg8 56. Kxc6 Bd1 57. e4 fxe4 58. f5 Bg4 59. Kb6 Be2 60.
Be3 Bd3 61. Bd4 Kh7 62. f6 Bc4 63. f7 Bxf7 64. Kxa6 Kxh6 65. Bf2 Kh5 66. Be1
1-0

[Event "Kavala GRE, 20th Open"]
[Site "Kavala GRE"]
[Date "2011.08.05"]
[Round "8"]
[White "Mamedov, N."]
[Black "Kaplan, S."]
[Result "1-0"]
[WhiteElo "2575"]
[BlackElo "2436"]
[PlyCount "111"]
[EventDate "2011.07.30"]
[EventRounds "9"]
[EventCountry "GRE"]

1. e4 e5 2. Nf3 Nc6 3. Bb5 a6 4. Ba4 Nf6 5. O-O Be7 6. Re1 b5 7. Bb3 O-O 8. h3
Bb7 9. d3 d6 10. a3 Na5 11. Ba2 c5 12. Nc3 Nc6 13. Bd2 Nd4 14. Nxd4 cxd4 15.
Ne2 d5 16. Ng3 dxe4 17. dxe4 Re8 18. Qf3 Bc8 19. c3 Be6 20. Bxe6 fxe6 21. cxd4
Qxd4 22. Bc3 Qc5 23. Nf1 Rac8 24. Qg3 Bd6 25. Rad1 Qc7 26. Nh2 Rcd8 27. Nf3 Nd7
28. Ba5 Qxa5 29. Rxd6 Nf8 30. Rxd8 Rxd8 31. Qxe5 Qb6 32. Rc1 h6 33. Qc7 Qxc7
34. Rxc7 Rd1+ 35. Kh2 Rb1 36. b4 Rb3 37. Ne5 Kh7 38. Rf7 Ng6 39. Rf3 Rb2 40.
Nd3 Rc2 41. Nc5 a5 42. Nxe6 axb4 43. axb4 Ne5 44. Rg3 g5 45. f4 gxf4 46. Nxf4
Rc4 47. Nd5 Nd7 48. Ra3 Ne5 49. Ra5 Kg7 50. Rxb5 Rxe4 51. Rb6 Nd3 52. b5 Re2
53. Rb7+ Kg6 54. Re7 Rb2 55. b6 Rb5 56. b7 1-0

[Event "Kavala GRE, 20th Open"]
[Site "Kavala GRE"]
[Date "2011.08.05"]
[Round "8"]
[White "Margvelashvili, G."]
[Black "Stathopoulos, I."]
[Result "1-0"]
[WhiteElo "2525"]
[BlackElo "2122"]
[PlyCount "145"]
[EventDate "2011.07.30"]
[EventRounds "9"]
[EventCountry "GRE"]

1. d4 Nf6 2. c4 g6 3. Nc3 Bg7 4. e4 d6 5. Nf3 O-O 6. Be2 c5 7. O-O Re8 8. Re1
cxd4 9. Nxd4 Nbd7 10. Be3 b6 11. Qd2 Bb7 12. f3 Rc8 13. Rac1 Qc7 14. Bf1 Qb8
15. Bf2 a6 16. b3 e6 17. Red1 Red8 18. Bh4 h6 19. Kh1 g5 20. Bf2 Kh8 21. Nde2
Nc5 22. Ng3 d5 23. cxd5 exd5 24. exd5 Nxd5 25. Nxd5 Rxd5 26. Qb4 a5 27. Qg4
Rcd8 28. Rxd5 Bxd5 29. Bxc5 Be6 30. Qe4 bxc5 31. Bc4 Rd4 32. Qe2 Bxc4 33. Rxc4
Qe5 34. Rxd4 cxd4 35. Qxe5 Bxe5 36. Kg1 Kg7 37. Kf2 Kf6 38. Ne4+ Ke6 39. h3 Kd5
40. Ke2 Kc6 41. Nd2 Kd5 42. Kd3 Bc7 43. a3 Bd6 44. Nc4 Be7 45. Nxa5 Bxa3 46.
Nc4 Bc5 47. Nd2 f5 48. Nc4 h5 49. Ke2 h4 50. Nb2 Bd6 51. Nd3 Kc6 52. Ne1 Kd5
53. Kd3 Bc5 54. Kc2 Be7 55. Nd3 Bd6 56. Nc1 Bc5 57. Kd2 Bb4+ 58. Kd3 Be7 59.
Ne2 Bc5 60. Kc2 Bd6 61. Nc1 Be7 62. Nd3 Bf6 63. Nb2 Be7 64. Nc4 Bf8 65. Kd2
Bb4+ 66. Kd3 Bc5 67. f4 g4 68. Ne5 Bd6 69. Ng6 gxh3 70. gxh3 Ke6 71. Kxd4 Bb8
72. Ke3 Ba7+ 73. Kf3 1-0

[Event "Kavala GRE, 20th Open"]
[Site "Kavala GRE"]
[Date "2011.08.05"]
[Round "8"]
[White "Marjanovic, S."]
[Black "Shanmugam, R."]
[Result "1-0"]
[WhiteElo "2469"]
[BlackElo "2291"]
[PlyCount "85"]
[EventDate "2011.07.30"]
[EventRounds "9"]
[EventCountry "GRE"]

1. e4 e5 2. Nf3 Nc6 3. Bb5 a6 4. Ba4 Nf6 5. d3 d6 6. c3 g6 7. O-O Bg7 8. Nbd2
O-O 9. Re1 b5 10. Bc2 Bb7 11. d4 Re8 12. d5 Ne7 13. b3 c5 14. dxc6 Nxc6 15. c4
bxc4 16. Nxc4 d5 17. exd5 Nxd5 18. Bb2 Ndb4 19. Be4 Qc7 20. Qd6 Qxd6 21. Nxd6
Re7 22. Nxb7 Rxb7 23. Rac1 Rc7 24. Bxe5 Bxe5 25. Nxe5 Rac8 26. Nxc6 Nxc6 27. g3
Kg7 28. Rc4 Ne5 29. Ra4 Re8 30. Kf1 Ng4 31. h3 Nf6 32. Bd3 Rd8 33. Bxa6 Rd2 34.
Bc4 Rcd7 35. Ra6 Rc2 36. Re2 Rd1+ 37. Kg2 Rcc1 38. Ra7 Nd7 39. Re7 Rg1+ 40. Kf3
Rc3+ 41. Kf4 g5+ 42. Kxg5 Rf3 43. Raxd7 1-0

[Event "Kavala GRE, 20th Open"]
[Site "Kavala GRE"]
[Date "2011.08.05"]
[Round "8"]
[White "Markidis, K."]
[Black "Papadimitriou, A."]
[Result "1/2-1/2"]
[WhiteElo "2330"]
[BlackElo "2184"]
[PlyCount "39"]
[EventDate "2011.07.30"]
[EventRounds "9"]
[EventCountry "GRE"]

1. e4 c6 2. d4 d5 3. e5 g6 4. Bd3 Nh6 5. Ne2 Bf5 6. O-O Qb6 7. Nbc3 Nd7 8. b3
O-O-O 9. Bf4 Bg7 10. Na4 Qa5 11. c3 e6 12. b4 Qc7 13. Nb2 Bxd3 14. Nxd3 Nf5 15.
a4 h6 16. Nc5 g5 17. Bd2 Nxc5 18. bxc5 f6 19. exf6 Bxf6 20. Qc2 1/2-1/2

[Event "Kavala GRE, 20th Open"]
[Site "Kavala GRE"]
[Date "2011.08.05"]
[Round "8"]
[White "Mastrovasilis, A."]
[Black "Raznikov, D."]
[Result "1/2-1/2"]
[WhiteElo "2537"]
[BlackElo "2434"]
[PlyCount "96"]
[EventDate "2011.07.30"]
[EventRounds "9"]
[EventCountry "GRE"]

1. c4 c6 2. Nf3 d5 3. d4 Nf6 4. Nc3 dxc4 5. a4 e6 6. e3 c5 7. Bxc4 Nc6 8. O-O
cxd4 9. exd4 Be7 10. Bg5 O-O 11. Re1 h6 12. Bf4 Nb4 13. Qd2 Bd7 14. Ne5 Be8 15.
Ne4 Nxe4 16. Rxe4 Kh7 17. Bxh6 gxh6 18. Ng4 Bg5 19. Qxb4 Bc6 20. Ree1 Qxd4 21.
Rad1 Qg7 22. Bb5 Bd5 23. g3 a5 24. Qa3 Rad8 25. Ne5 Kh8 26. Nd7 Rg8 27. Nb6 Be4
28. Rxd8 Bxd8 29. Rxe4 Bxb6 30. Qd6 Qxb2 31. Qf4 Kg7 32. Qf3 Rc8 33. Rf4 Rc7
34. Be8 f5 35. Qd3 Rc2 36. Qd7+ Kh8 37. Bg6 Bxf2+ 38. Rxf2 Qc1+ 39. Kg2 Rxf2+
40. Kxf2 Qc2+ 41. Kg1 Qb1+ 42. Kf2 Qc2+ 43. Ke1 Qe4+ 44. Kd2 Qb4+ 45. Kc2 Qc4+
46. Kb2 Qb4+ 47. Kc2 Qc4+ 48. Kd2 Qb4+ 1/2-1/2

[Event "Kavala GRE, 20th Open"]
[Site "Kavala GRE"]
[Date "2011.08.05"]
[Round "8"]
[White "Raeva, E."]
[Black "Kanakaris, G."]
[Result "1-0"]
[WhiteElo "2324"]
[BlackElo "2281"]
[PlyCount "123"]
[EventDate "2011.07.30"]
[EventRounds "9"]
[EventCountry "GRE"]

1. d4 d5 2. c4 c6 3. Nc3 Nf6 4. Nf3 a6 5. c5 Nbd7 6. Bf4 Nh5 7. e3 g6 8. Bd3
Bg7 9. Qc2 O-O 10. Bg5 Re8 11. O-O f5 12. Ne2 h6 13. Bh4 Ndf6 14. Ne5 g5 15.
Bg3 e6 16. h3 Nxg3 17. Nxg3 Qc7 18. f4 Bd7 19. Qe2 Rf8 20. b4 Be8 21. a4 Nd7
22. Rab1 Nxe5 23. dxe5 Qe7 24. Qc2 gxf4 25. exf4 Qh4 26. Ne2 Bh5 27. Nd4 Rae8
28. Qf2 Qe7 29. Kh1 Kh8 30. Rb3 Rf7 31. Rg1 Rg8 32. Bb1 Bf8 33. Rc3 Rfg7 34. b5
axb5 35. axb5 Be8 36. b6 Bd7 37. Bc2 Qf7 38. Ra1 Be7 39. Ra7 Rb8 40. Bd3 Qh5
41. Nf3 Rg4 42. Qe3 Rbg8 43. Bf1 Bc8 44. Ra8 Rg3 45. Rca3 Qg6 46. Qf2 Qg7 47.
Rb8 Qf8 48. Ra5 Qd8 49. Raa8 R3g7 50. Rxc8 Qxc8 51. Rxc8 Rxc8 52. Qc2 Rf8 53.
Nd4 Rg6 54. Be2 Ra8 55. Bh5 Ra1+ 56. Kh2 Rg8 57. Bf7 Rf8 58. Bxe6 Ra5 59. Nb3
Rb5 60. Bxf5 Rd8 61. Nd4 Rxc5 62. Qe2 1-0

[Event "Kavala GRE, 20th Open"]
[Site "Kavala GRE"]
[Date "2011.08.05"]
[Round "8"]
[White "Skoulakis, C."]
[Black "Hadzimanolis, A."]
[Result "0-1"]
[WhiteElo "2039"]
[BlackElo "2322"]
[PlyCount "190"]
[EventDate "2011.07.30"]
[EventRounds "9"]
[EventCountry "GRE"]

1. e4 e5 2. Nf3 Nc6 3. d4 exd4 4. Nxd4 Qf6 5. Nxc6 Bc5 6. Qf3 bxc6 7. Nc3 Qxf3
8. gxf3 Ne7 9. Rg1 O-O 10. Bc4 d6 11. Bg5 Ng6 12. f4 Be6 13. Bd3 f6 14. Bh6
Rae8 15. Kd2 f5 16. Bg5 Bxf2 17. Rg2 Bd4 18. Re1 Bd7 19. Rge2 fxe4 20. Nxe4
Bxb2 21. Rb1 Bd4 22. Rb7 Bg4 23. Re1 d5 24. c3 Bb6 25. Ng3 Rxe1 26. Kxe1 Nxf4
27. Bxf4 Rxf4 28. Rb8+ Kf7 29. Bxh7 Bf2+ 30. Kd2 Bg1 31. Ne2 Rf2 32. Bd3 Bxh2
33. Rb7 a5 34. Ra7 Bd6 35. Rxa5 d4 36. Ke1 Bxe2 37. Kxf2 Bxd3 38. cxd4 Kf6 39.
a4 g5 40. Ra8 g4 41. a5 g3+ 42. Kg1 c5 43. a6 Bf4 44. Rf8+ Kg5 45. a7 Be4 46.
Rg8+ Kh4 47. dxc5 Be3+ 48. Kf1 Bxc5 49. a8=Q g2+ 50. Rxg2 Bxa8 51. Rg7 Bb6 52.
Ke2 Be4 53. Kd2 Kh5 54. Kc3 Kh6 55. Rg8 Bg6 56. Kb4 Kh7 57. Rb8 Bd3 58. Kc3 Bb5
59. Kb4 Bc6 60. Rf8 Kg7 61. Rf1 Be4 62. Rf4 Bd3 63. Kc3 Be2 64. Re4 Ba6 65. Ra4
Bb5 66. Rf4 Kg6 67. Kb4 Kg5 68. Rf8 Bd3 69. Kc3 Be2 70. Re8 Ba6 71. Ra8 Bb7 72.
Rf8 Bc5 73. Rf7 Bd6 74. Kc4 Bc6 75. Rf2 Kg4 76. Rf6 Bf3 77. Kb5 Kg3 78. Ka6 Kf2
79. Ka7 Ke3 80. Kb8 Ke4 81. Kc8 Bg4+ 82. Kb7 Kd5 83. Rg6 Bf3 84. Rg5+ Kc4+ 85.
Kc8 Bf4 86. Rg7 c5 87. Rf7 Bg4+ 88. Kb7 Be3 89. Re7 Bd4 90. Kb6 Kb4 91. Re4 Bf3
92. Rf4 Bd5 93. Rf5 c4+ 94. Kc7 Kc5 95. Rh5 c3 0-1

[Event "Kavala GRE, 20th Open"]
[Site "Kavala GRE"]
[Date "2011.08.05"]
[Round "8"]
[White "Socko, B."]
[Black "Svetushkin, D."]
[Result "1/2-1/2"]
[WhiteElo "2631"]
[BlackElo "2576"]
[PlyCount "169"]
[EventDate "2011.07.30"]
[EventRounds "9"]
[EventCountry "GRE"]

1. e4 c6 2. d4 d5 3. e5 Bf5 4. Nd2 e6 5. Nb3 Nd7 6. Nf3 a6 7. Be3 Rc8 8. Be2 c5
9. dxc5 Bxc5 10. Nxc5 Nxc5 11. Nd4 Be4 12. f3 Bg6 13. c3 Ne7 14. O-O O-O 15. a4
Qc7 16. f4 Be4 17. a5 Nf5 18. Bf2 Qe7 19. b4 Nd7 20. Qd2 f6 21. Nxf5 exf5 22.
exf6 Rxf6 23. Rfc1 Rg6 24. Bf1 Nf6 25. Bc5 Qd8 26. Bb6 Qe8 27. Ra2 h6 28. Bd4
Qd8 29. Bb6 Qe8 30. Rb2 Kh7 31. Bd4 Qd7 32. Ra1 Ne8 33. b5 axb5 34. Bxb5 Qe7
35. Bf1 Nd6 36. a6 bxa6 37. Rxa6 Nc4 38. Bxc4 dxc4 39. Rxg6 Kxg6 40. Qe1 Kh7
41. Ra2 Rc7 42. h3 Qf7 43. Qg3 Rc6 44. Kh2 Rg6 45. Qe1 Qb7 46. Qf1 Qb3 47. Qa1
Qb7 48. Qf1 Bb1 49. Rf2 Bd3 50. Qa1 Be4 51. Rb2 Qe7 52. Qe1 Qa3 53. Re2 Qa8 54.
Qd2 Qa1 55. Rf2 Qb1 56. Qe2 Qd3 57. Qe3 h5 58. Qxd3 cxd3 59. Be3 Rc6 60. Bd4
Ra6 61. Rb2 h4 62. Bf2 Rg6 63. Be1 Kg8 64. c4 Rc6 65. Bxh4 Rxc4 66. Rd2 Rc2 67.
Be1 Rc1 68. Bf2 Kf7 69. Kg3 Ke6 70. Be3 Rf1 71. Kh4 Kd5 72. Kg5 Re1 73. Bf2 Ra1
74. Be3 Kc4 75. Rf2 Rg1 76. Rb2 Re1 77. Bf2 Rd1 78. Be3 Kc3 79. Rf2 Rg1 80. Ra2
Rxg2+ 81. Rxg2 Bxg2 82. Kxf5 Bxh3+ 83. Kg6 d2 84. Bxd2+ Kxd2 85. Kxg7 1/2-1/2

[Event "Kavala GRE, 20th Open"]
[Site "Kavala GRE"]
[Date "2011.08.05"]
[Round "8"]
[White "Soumya, S."]
[Black "Valden, P."]
[Result "1/2-1/2"]
[WhiteElo "2338"]
[BlackElo "2201"]
[PlyCount "83"]
[EventDate "2011.07.30"]
[EventRounds "9"]
[EventCountry "GRE"]

1. e4 c5 2. Nf3 d6 3. d4 cxd4 4. Nxd4 Nf6 5. Nc3 g6 6. Be3 Bg7 7. f3 Nc6 8. Qd2
O-O 9. Bc4 Bd7 10. O-O-O Rc8 11. Bb3 Nxd4 12. Bxd4 b5 13. a3 a5 14. Nd5 Nxd5
15. Bxg7 Kxg7 16. exd5 Kg8 17. g4 b4 18. axb4 axb4 19. Qxb4 Rc5 20. Rhe1 Qa8
21. Qd4 Rb8 22. Rd3 Qa7 23. Kd2 Qa5+ 24. Ke2 Rb4 25. c4 Bb5 26. Rc1 Qc7 27. Kf2
Bxc4 28. Bxc4 Rbxc4 29. Rxc4 Rxc4 30. Qe3 Rc2+ 31. Rd2 Qc4 32. Kg3 Rxd2 33.
Qxd2 Kg7 34. b4 f6 35. Qe3 Kf8 36. Qd2 g5 37. h4 h6 38. h5 Ke8 39. Kg2 Kd7 40.
Kf2 Kd8 41. Kg2 Kd7 42. Kf2 1/2-1/2

[Event "Kavala GRE, 20th Open"]
[Site "Kavala GRE"]
[Date "2011.08.05"]
[Round "8"]
[White "Vafiadis, K."]
[Black "Charkhalashvili, I."]
[Result "1/2-1/2"]
[WhiteElo "2301"]
[BlackElo "2355"]
[PlyCount "99"]
[EventDate "2011.07.30"]
[EventRounds "9"]
[EventCountry "GRE"]

1. d4 Nf6 2. Nf3 e6 3. Bf4 b6 4. e3 Bb7 5. Bd3 c5 6. Nbd2 Be7 7. h3 O-O 8. O-O
d6 9. c3 cxd4 10. cxd4 Nbd7 11. Qe2 Nd5 12. Bh2 Nb4 13. Bb5 a6 14. Ba4 b5 15.
Bb3 Nb6 16. Rac1 Qd7 17. a3 Nc6 18. Ba2 Rfc8 19. e4 Na5 20. e5 d5 21. Nb3 Nxb3
22. Bxb3 a5 23. Rxc8+ Rxc8 24. Bf4 Nc4 25. Bg5 Bf8 26. Bc1 g6 27. h4 Qc6 28. h5
Nb6 29. hxg6 hxg6 30. Ng5 b4 31. Qf3 Rc7 32. Qh3 Bg7 33. Nh7 Nd7 34. Be3 bxa3
35. bxa3 Ba6 36. Rc1 Bc4 37. Bg5 Rb7 38. Bxc4 dxc4 39. Nf6+ Nxf6 40. exf6 Bh8
41. Qc3 Rb5 42. f4 Qe4 43. Re1 Rb1 44. Rxb1 Qxb1+ 45. Kh2 Qf5 46. g3 Bxf6 47.
Bxf6 Qxf6 48. Qxc4 Qf5 49. Qc5 Qd3 50. Qxa5 1/2-1/2

[Event "Kavala GRE, 20th Open"]
[Site "Kavala GRE"]
[Date "2011.08.05"]
[Round "8"]
[White "Zysk, R."]
[Black "Pavlidis, A."]
[Result "1/2-1/2"]
[WhiteElo "2437"]
[BlackElo "2420"]
[PlyCount "44"]
[EventDate "2011.07.30"]
[EventRounds "9"]
[EventCountry "GRE"]

1. d4 Nf6 2. c4 g6 3. Nc3 Bg7 4. e4 d6 5. Be2 O-O 6. Nf3 e5 7. O-O Nc6 8. d5
Ne7 9. b4 Ne8 10. c5 f5 11. Ng5 Nf6 12. f3 h6 13. Ne6 Bxe6 14. dxe6 d5 15. exd5
Nfxd5 16. Nxd5 Qxd5 17. Qxd5 Nxd5 18. Bc4 c6 19. Rd1 Rfe8 20. Bxd5 cxd5 21.
Rxd5 e4 22. Rb1 Rxe6 1/2-1/2